| 000 | 00687cam a2200265 4500 | ||
|---|---|---|---|
| 001 | B333 | ||
| 008 | 090401t1986 xxu||||| |||| 00| 0 eng d | ||
| 035 | _a(Sirsi) u35051 | ||
| 041 | _aeng | ||
| 050 | _a711.1 | ||
| 100 | _aLee, Michael | ||
| 245 | _aSuperstore appeals review 1986 | ||
| 260 |
_aLondon _bLee Donaldson Associates _c1986 |
||
| 300 | _aii,175p. ; 30cm. | ||
| 350 | _a40 | ||
| 490 |
_aLee Donaldson Associates Research Study _vOne |
||
| 650 | _aHYPERMARKETS | ||
| 650 | _aOUT-OF-TOWN SHOPPING CENTRES | ||
| 650 | _aPLANNING APPEALS | ||
| 650 | _aSUPERSTORES | ||
| 700 | _aRoberts, Cynthia | ||
| 700 | _aHands, Philippa | ||
| 942 | _n0 | ||
| 948 | _c04/03/1997 | ||
| 999 |
_c90031 _d90031 |
||